[Event "GER-chT U14 Girls"]
[Site "Neumuenster"]
[Date "2017.12.29"]
[Round "6.2"]
[White "Guenther, Amelie"]
[Black "Sinner, Joselyne"]
[Result "1-0"]
[WhiteElo "1418"]
[BlackElo "1226"]
[PlyCount "135"]
[EventDate "2017.12.26"]
[EventType "team-swiss"]
[EventRounds "7"]
[EventCountry "GER"]
[SourceTitle "CBM 182 Extra"]
[Source "ChessBase"]
[SourceDate "2018.02.23"]
[SourceVersion "1"]
[SourceVersionDate "2018.02.23"]
[SourceQuality "1"]
[WhiteTeam "Erfurt SK"]
[BlackTeam "Porz SG"]
[WhiteTeamCountry "GER"]
[BlackTeamCountry "GER"]

1. d4 d5 2. Nf3 Nf6 3. e3 e6 4. Bd3 c5 5. b3 b6 6. 0-0 Bb7 7. Bb2 Nbd7 8. Ne5 Qc7 9. f4 Bd6 10. Nd2 Ne4 11. Nxe4 dxe4 12. Bc4 f6 13. Nxd7 Qxd7 14. Qh5+ Qf7 15. Qxf7+ Kxf7 16. f5 Bd5 17. Bb5 a6 18. Be2 Rhe8 19. Rae1 Rac8 20. Bxa6 Ra8 21. Bb5 Re7 22. c4 Bb7 23. a4 cxd4 24. Bxd4 exf5 25. Bxb6 Re6 26. c5 Be5 27. Bc4 Ba6 28. Bxe6+ Kxe6 29. Rf2 Rb8 30. a5 Bb5 31. Rc1 f4 32. c6 fxe3 33. Bxe3 Rc8 34. Rfc2 Bd3 35. Ra2 Bb5 36. a6 Kd6 37. c7 Kd7 38. a7 Bc6 39. Rxc6 Kxc6 40. a8Q+ Rxa8 41. Rxa8 Bxc7 42. Kf2 Be5 43. Bd2 f5 44. g3 Kd5 45. b4 Kc6 46. Rh8 h6 47. Rf8 g6 48. Rg8 g5 49. Rf8 Bd4+ 50. Ke2 Bg1 51. h3 Bh2 52. Rxf5 Bxg3 53. Rf6+ Kd5 54. Rxh6 Kc4 55. Rg6 Bh4 56. Bxg5 Bxg5 57. Rxg5 Kxb4 58. h4 Kc4 59. h5 Kd4 60. h6 e3 61. h7 Ke4 62. h8Q Kf4 63. Qf6+ Ke4 64. Re5+ Kd4 65. Qd6+ Kc4 66. Rc5+ Kb4 67. Qb6+ Ka4 68. Ra5# 1-0